[Event "Praha"]
[Site "?"]
[Date "2023.01.09"]
[Round "5.12"]
[White "Ochedzan, Tymon"]
[Black "Gkavardinas, Antonios"]
[Result "1-0"]
[BlackElo "2101"]
[WhiteElo "2236"]
[LiveChessVersion "1.4.8"]

1. e4 {[%clk 1:30:57]} c6 {[%clk 1:30:54]} 2. Nc3 {[%clk 1:31:21]} d5
{[%clk 1:31:17]} 3. Nf3 {[%clk 1:31:45]} Bg4 {[%clk 1:31:38]} 4. h3
{[%clk 1:32:09]} Bxf3 {[%clk 1:31:56]} 5. Qxf3 {[%clk 1:32:34]} Nf6
{[%clk 1:31:59]} 6. Be2 {[%clk 1:32:23]} e6 {[%clk 1:31:57]} 7. O-O
{[%clk 1:32:44]} Bc5 {[%clk 1:31:35]} 8. Rd1 {[%clk 1:32:33]} Bd4
{[%clk 1:31:27]} 9. Qf4 {[%clk 1:32:31]} e5 {[%clk 1:19:47]} 10. Qg3
{[%clk 1:31:42]} O-O {[%clk 1:19:21]} 11. d3 {[%clk 1:28:23]} Kh8
{[%clk 1:17:39]} 12. Bg5 {[%clk 1:21:28]} Qd6 {[%clk 1:12:02]} 13. Bxf6
{[%clk 1:14:46]} gxf6 {[%clk 1:09:59]} 14. exd5 {[%clk 1:12:14]} cxd5
{[%clk 1:05:24]} 15. Nb5 {[%clk 1:06:50]} Qb6 {[%clk 1:05:24]} 16. Nxd4
{[%clk 1:04:08]} Qxd4 {[%clk 1:05:34]} 17. c3 {[%clk 1:00:40]} Qb6
{[%clk 1:04:43]} 18. Bf3 {[%clk 0:56:57]} Nd7 {[%clk 0:45:30]} 19. Bxd5
{[%clk 0:54:21]} Qxb2 {[%clk 0:45:09]} 20. Rab1 {[%clk 0:52:09]} Qxc3
{[%clk 0:44:57]} 21. Rxb7 {[%clk 0:50:22]} Rad8 {[%clk 0:42:53]} 22. Qf3
{[%clk 0:45:07]} Qc5 {[%clk 0:35:26]} 23. Be4 {[%clk 0:42:29]} Qc2
{[%clk 0:25:50]} 24. Qf5 {[%clk 0:42:28]} 1-0

[Event "Praha"]
[Site "?"]
[Date "2023.01.09"]
[Round "5.13"]
[White "Mannion, Stephen R"]
[Black "Hak, David"]
[Result "0-1"]
[BlackElo "2095"]
[WhiteElo "2224"]
[LiveChessVersion "1.4.8"]

1. e4 {[%clk 1:30:58]} c6 {[%clk 1:29:59]} 2. d4 {[%clk 1:31:19]} d5
{[%clk 1:30:26]} 3. e5 {[%clk 1:31:40]} c5 {[%clk 1:30:52]} 4. dxc5
{[%clk 1:31:44]} e6 {[%clk 1:31:07]} 5. a3 {[%clk 1:31:48]} Bxc5 {[%clk 1:31:05]}
6. Qg4 {[%clk 1:31:08]} Ne7 {[%clk 1:31:20]} 7. Nf3 {[%clk 1:30:58]} Qb6
{[%clk 1:05:13]} 8. Bd3 {[%clk 1:28:10]} Bxf2+ {[%clk 0:52:23]} 9. Ke2
{[%clk 1:28:03]} Nbc6 {[%clk 0:51:00]} 10. Rf1 {[%clk 0:52:47]} Nd4+
{[%clk 0:17:46]} 11. Kxf2 {[%clk 0:36:51]} Nxc2+ {[%clk 0:17:20]} 12. Ke2
{[%clk 0:37:16]} Nxa1 {[%clk 0:17:33]} 13. Be3 {[%clk 0:37:23]} Qxb2+
{[%clk 0:16:46]} 14. Nbd2 {[%clk 0:37:45]} Nc2 {[%clk 0:13:15]} 15. Bc5
{[%clk 0:07:25]} Qc3 {[%clk 0:11:53]} 16. Bxe7 {[%clk 0:07:14]} Kxe7
{[%clk 0:12:19]} 17. Qxg7 {[%clk 0:07:38]} Rf8 {[%clk 0:10:26]} 18. Rc1
{[%clk 0:04:22]} Nd4+ {[%clk 0:09:16]} 19. Nxd4 {[%clk 0:04:51]} Qxc1
{[%clk 0:08:24]} 20. Nb5 {[%clk 0:05:20]} a6 {[%clk 0:03:25]} 21. Nd6
{[%clk 0:05:33]} Qc7 {[%clk 0:02:52]} 22. Nb3 {[%clk 0:04:47]} b6
{[%clk 0:02:34]} 23. Nd4 {[%clk 0:04:07]} Qc5 {[%clk 0:01:09]} 24. Qf6+
{[%clk 0:02:55]} Kd7 {[%clk 0:01:36]} 25. Nxe6 {[%clk 0:03:20]} fxe6
{[%clk 0:01:16]} 26. Qxf8 {[%clk 0:03:48]} Qd4 {[%clk 0:00:39]} 27. Nf7
{[%clk 0:02:48]} Qg4+ {[%clk 0:00:36]} 28. Kd2 {[%clk 0:01:58]} Qxg2+
{[%clk 0:01:01]} 29. Be2 {[%clk 0:02:08]} Bb7 {[%clk 0:00:57]} 30. Qd6+
{[%clk 0:02:10]} Ke8 {[%clk 0:01:26]} 31. Qxe6+ {[%clk 0:02:23]} Kf8
{[%clk 0:01:53]} 32. Nd6 {[%clk 0:01:04]} Qg5+ {[%clk 0:02:12]} 33. Kd1
{[%clk 0:01:10]} Qg1+ {[%clk 0:02:12]} 34. Kd2 {[%clk 0:01:34]} Qg5+
{[%clk 0:01:32]} 35. Kd1 {[%clk 0:00:53]} Qe7 {[%clk 0:01:17]} 36. Qf5+
{[%clk 0:00:42]} Kg8 {[%clk 0:01:33]} 37. Bh5 {[%clk 0:00:35]} Rf8
{[%clk 0:01:19]} 38. Qg4+ {[%clk 0:00:53]} Qg7 {[%clk 0:00:48]} 39. Qxg7+
{[%clk 0:01:03]} Kxg7 {[%clk 0:01:14]} 40. Nxb7 {[%clk 0:01:30]} Rf5
{[%clk 0:00:52]} 41. Be2 {[%clk 0:28:52]} Rxe5 {[%clk 0:29:50]} 42. Bxa6
{[%clk 0:28:38]} Rh5 {[%clk 0:29:50]} 43. Nd6 {[%clk 0:25:20]} Rxh2
{[%clk 0:29:26]} 44. Nf5+ {[%clk 0:15:13]} Kf6 {[%clk 0:28:00]} 45. Ne3
{[%clk 0:15:37]} Ke6 {[%clk 0:25:03]} 46. Bb7 {[%clk 0:14:15]} d4
{[%clk 0:23:40]} 47. Nc4 {[%clk 0:13:11]} b5 {[%clk 0:19:04]} 48. Nd2
{[%clk 0:13:23]} Kd6 {[%clk 0:16:36]} 49. Nf3 {[%clk 0:11:46]} Rh3
{[%clk 0:16:23]} 50. Kd2 {[%clk 0:10:29]} Kc5 {[%clk 0:15:58]} 51. Be4
{[%clk 0:09:58]} h5 {[%clk 0:15:26]} 52. Kd3 {[%clk 0:07:04]} Rg3
{[%clk 0:11:35]} 53. Ke2 {[%clk 0:05:16]} Kc4 {[%clk 0:07:06]} 54. Bd3+
{[%clk 0:05:10]} Kc3 {[%clk 0:04:58]} 55. Bxb5 {[%clk 0:05:28]} Rg2+
{[%clk 0:05:04]} 56. Kf1 {[%clk 0:05:33]} Rg8 {[%clk 0:02:10]} 57. Kf2
{[%clk 0:04:34]} d3 {[%clk 0:01:44]} 58. Ke3 {[%clk 0:04:53]} Rd8
{[%clk 0:01:37]} 59. Nd2 {[%clk 0:03:03]} h4 {[%clk 0:01:17]} 60. Ne4+
{[%clk 0:03:07]} Kc2 {[%clk 0:01:35]} 61. Ba4+ {[%clk 0:02:07]} Kc1
{[%clk 0:01:40]} 62. Nf2 {[%clk 0:01:13]} d2 {[%clk 0:01:31]} 63. Kf3
{[%clk 0:01:41]} Rd4 {[%clk 0:01:11]} 64. Bb3 {[%clk 0:01:31]} Kb2
{[%clk 0:01:00]} 65. Bd1 {[%clk 0:01:51]} Kxa3 {[%clk 0:01:08]} 66. Ke3
{[%clk 0:01:32]} Rd8 {[%clk 0:00:54]} 67. Nd3 {[%clk 0:01:11]} h3
{[%clk 0:00:44]} 0-1

[Event "Praha"]
[Site "?"]
[Date "2023.01.09"]
[Round "5.14"]
[White "Kreken, Eivind Grunt"]
[Black "Nielsen, Andre"]
[Result "1/2-1/2"]
[BlackElo "2212"]
[WhiteElo "2104"]
[LiveChessVersion "1.4.8"]

1. d4 {[%clk 1:30:45]} f5 {[%clk 1:30:13]} 2. g3 {[%clk 1:30:53]} Nf6
{[%clk 1:30:23]} 3. Bg2 {[%clk 1:31:04]} g6 {[%clk 1:30:30]} 4. Nf3
{[%clk 1:31:20]} Bg7 {[%clk 1:30:47]} 5. O-O {[%clk 1:31:25]} O-O
{[%clk 1:31:05]} 6. c4 {[%clk 1:31:29]} d6 {[%clk 1:31:00]} 7. Nc3
{[%clk 1:31:22]} Nc6 {[%clk 1:31:08]} 8. d5 {[%clk 1:31:09]} Ne5 {[%clk 1:31:21]}
9. Qb3 {[%clk 1:30:22]} Nxf3+ {[%clk 1:20:50]} 10. exf3 {[%clk 1:30:08]} e5
{[%clk 1:08:33]} 11. dxe6 {[%clk 1:29:36]} Bxe6 {[%clk 1:07:06]} 12. Qxb7
{[%clk 1:24:30]} Bxc4 {[%clk 0:50:36]} 13. Rd1 {[%clk 1:24:15]} Qc8
{[%clk 0:49:34]} 14. Qc6 {[%clk 1:10:01]} Bf7 {[%clk 0:48:54]} 15. Be3
{[%clk 1:06:38]} Rb8 {[%clk 0:42:51]} 16. Rd2 {[%clk 1:01:20]} Rb4
{[%clk 0:33:00]} 17. Ne2 {[%clk 0:39:47]} Rc4 {[%clk 0:23:25]} 18. Qb5
{[%clk 0:39:54]} Qe8 {[%clk 0:17:05]} 19. Qb7 {[%clk 0:24:22]} a5
{[%clk 0:16:27]} 20. Nc3 {[%clk 0:21:18]} Qb8 {[%clk 0:12:14]} 21. Qa6
{[%clk 0:20:00]} Qa8 {[%clk 0:11:34]} 22. Qxa8 {[%clk 0:19:18]} Rxa8
{[%clk 0:11:58]} 23. Bf1 {[%clk 0:18:56]} Rb4 {[%clk 0:12:02]} 24. Nb5
{[%clk 0:16:34]} Rb8 {[%clk 0:08:23]} 25. Nxc7 {[%clk 0:14:31]} Rxb2
{[%clk 0:08:39]} 26. Rxd6 {[%clk 0:11:04]} Rxa2 {[%clk 0:04:50]} 27. Rxa2
{[%clk 0:07:09]} Bxa2 {[%clk 0:05:13]} 28. Ra6 {[%clk 0:06:57]} Bf7
{[%clk 0:01:54]} 29. Rxa5 {[%clk 0:07:17]} Rc8 {[%clk 0:01:00]} 30. Nb5
{[%clk 0:05:13]} Bd5 {[%clk 0:00:39]} 31. Nd4 {[%clk 0:04:01]} 1/2-1/2

[Event "Praha"]
[Site "?"]
[Date "2023.01.09"]
[Round "5.15"]
[White "Soural, Jan"]
[Black "Nemsadze, Daviti"]
[Result "1-0"]
[BlackElo "2071"]
[WhiteElo "2206"]
[LiveChessVersion "1.4.8"]

1. d4 {[%clk 1:30:57]} Nf6 {[%clk 1:30:46]} 2. Nf3 {[%clk 1:30:07]} e6
{[%clk 1:31:05]} 3. g3 {[%clk 1:30:30]} b5 {[%clk 1:30:20]} 4. Bg2
{[%clk 1:27:22]} Bb7 {[%clk 1:30:45]} 5. a4 {[%clk 1:26:47]} bxa4
{[%clk 1:28:08]} 6. O-O {[%clk 1:26:18]} c5 {[%clk 1:26:22]} 7. Nc3
{[%clk 1:06:39]} cxd4 {[%clk 1:26:30]} 8. Qxd4 {[%clk 1:06:43]} Be7
{[%clk 1:25:54]} 9. Qxa4 {[%clk 1:01:43]} O-O {[%clk 1:24:32]} 10. Be3
{[%clk 0:57:14]} Nd5 {[%clk 1:21:55]} 11. Nxd5 {[%clk 0:51:09]} Bxd5
{[%clk 1:22:19]} 12. c4 {[%clk 0:49:39]} Bc6 {[%clk 1:22:00]} 13. Qa5
{[%clk 0:46:02]} Bf6 {[%clk 1:19:54]} 14. Bd4 {[%clk 0:35:20]} Bxf3
{[%clk 1:16:41]} 15. Qxd8 {[%clk 0:30:44]} Rxd8 {[%clk 1:16:12]} 16. Bxf3
{[%clk 0:30:43]} Nc6 {[%clk 1:16:36]} 17. Bxf6 {[%clk 0:29:03]} gxf6
{[%clk 1:16:58]} 18. Rfd1 {[%clk 0:22:12]} Rac8 {[%clk 0:57:42]} 19. b3
{[%clk 0:20:35]} d6 {[%clk 0:45:51]} 20. Bxc6 {[%clk 0:14:13]} Rxc6
{[%clk 0:46:20]} 21. Rxa7 {[%clk 0:14:36]} d5 {[%clk 0:41:51]} 22. cxd5
{[%clk 0:14:03]} Rc2 {[%clk 0:39:40]} 23. e4 {[%clk 0:11:35]} Re2
{[%clk 0:39:43]} 24. Rd4 {[%clk 0:10:11]} e5 {[%clk 0:38:06]} 25. Rc4
{[%clk 0:09:33]} f5 {[%clk 0:38:34]} 26. exf5 {[%clk 0:08:46]} Rxd5
{[%clk 0:38:51]} 27. Rg4+ {[%clk 0:08:17]} Kf8 {[%clk 0:39:17]} 28. f6
{[%clk 0:08:33]} Rd8 {[%clk 0:39:35]} 29. Rg7 {[%clk 0:08:29]} 1-0

[Event "Praha"]
[Site "?"]
[Date "2023.01.09"]
[Round "5.16"]
[White "Hlavina, Matous"]
[Black "Mach, Petr"]
[Result "1/2-1/2"]
[BlackElo "2205"]
[WhiteElo "2102"]
[LiveChessVersion "1.4.8"]

1. e4 {[%clk 1:30:44]} e6 {[%clk 1:31:00]} 2. d4 {[%clk 1:29:31]} b6
{[%clk 1:31:25]} 3. Bd3 {[%clk 1:28:19]} Bb7 {[%clk 1:29:38]} 4. Qe2
{[%clk 1:26:31]} c5 {[%clk 1:28:10]} 5. dxc5 {[%clk 1:24:45]} Bxc5
{[%clk 1:28:14]} 6. Nf3 {[%clk 1:24:33]} Nc6 {[%clk 1:20:25]} 7. c3
{[%clk 1:24:12]} Nge7 {[%clk 1:10:46]} 8. Bg5 {[%clk 1:22:13]} Qc7
{[%clk 0:59:01]} 9. Nbd2 {[%clk 1:19:22]} Ng6 {[%clk 0:58:05]} 10. Nb3
{[%clk 1:16:24]} Nce5 {[%clk 0:39:38]} 11. Nxc5 {[%clk 1:07:59]} Qxc5
{[%clk 0:38:00]} 12. Be3 {[%clk 1:04:45]} Nxd3+ {[%clk 0:38:18]} 13. Qxd3
{[%clk 1:05:05]} Ne5 {[%clk 0:38:32]} 14. Nxe5 {[%clk 1:00:57]} Qxe5
{[%clk 0:38:58]} 15. f3 {[%clk 1:01:18]} f5 {[%clk 0:33:15]} 16. O-O-O
{[%clk 0:56:28]} Bc6 {[%clk 0:30:19]} 17. exf5 {[%clk 0:55:11]} Qxf5
{[%clk 0:30:40]} 18. Qd6 {[%clk 0:54:15]} Qf8 {[%clk 0:26:23]} 19. Qg3
{[%clk 0:51:53]} Qf7 {[%clk 0:24:51]} 20. h4 {[%clk 0:49:37]} h5 {[%clk 0:19:25]}
21. Rhe1 {[%clk 0:46:32]} O-O {[%clk 0:18:44]} 22. Bd2 {[%clk 0:45:57]} e5
{[%clk 0:06:59]} 23. b3 {[%clk 0:43:45]} e4 {[%clk 0:07:25]} 24. fxe4
{[%clk 0:41:49]} Rae8 {[%clk 0:07:52]} 25. Qd3 {[%clk 0:30:52]} 1/2-1/2

[Event "Praha"]
[Site "?"]
[Date "2023.01.09"]
[Round "5.17"]
[White "Lohia, Sohum"]
[Black "Zvolensky, David"]
[Result "0-1"]
[BlackElo "2204"]
[WhiteElo "2096"]
[LiveChessVersion "1.4.8"]

1. e4 {[%clk 1:30:54]} e5 {[%clk 1:30:55]} 2. Nf3 {[%clk 1:31:11]} Nc6
{[%clk 1:31:18]} 3. Bb5 {[%clk 1:31:24]} a6 {[%clk 1:31:43]} 4. Ba4
{[%clk 1:31:32]} Nf6 {[%clk 1:32:06]} 5. d3 {[%clk 1:31:45]} b5 {[%clk 1:31:04]}
6. Bb3 {[%clk 1:32:01]} Be7 {[%clk 1:31:20]} 7. O-O {[%clk 1:32:13]} O-O
{[%clk 1:31:40]} 8. c3 {[%clk 1:31:36]} d6 {[%clk 1:30:25]} 9. Re1
{[%clk 1:31:39]} Bb7 {[%clk 1:29:53]} 10. Nbd2 {[%clk 1:31:35]} d5
{[%clk 1:23:22]} 11. exd5 {[%clk 1:16:17]} Nxd5 {[%clk 1:23:46]} 12. Nxe5
{[%clk 1:13:38]} Nxe5 {[%clk 1:04:08]} 13. Rxe5 {[%clk 1:13:55]} Nf4
{[%clk 0:58:30]} 14. Nf3 {[%clk 1:10:44]} Ng6 {[%clk 0:58:47]} 15. Re1
{[%clk 1:09:25]} Bd6 {[%clk 0:58:06]} 16. Be3 {[%clk 1:04:25]} h6
{[%clk 0:28:59]} 17. d4 {[%clk 0:51:08]} Qf6 {[%clk 0:29:26]} 18. d5
{[%clk 0:49:00]} Qf5 {[%clk 0:24:43]} 19. Qd4 {[%clk 0:36:43]} Rad8
{[%clk 0:23:30]} 20. Rad1 {[%clk 0:36:07]} c5 {[%clk 0:23:01]} 21. Qd2
{[%clk 0:33:42]} c4 {[%clk 0:23:11]} 22. Bc2 {[%clk 0:33:41]} Qh5
{[%clk 0:23:39]} 23. Be4 {[%clk 0:22:44]} Rde8 {[%clk 0:16:40]} 24. Qd4
{[%clk 0:15:35]} Bc8 {[%clk 0:15:43]} 25. Bxg6 {[%clk 0:11:24]} fxg6
{[%clk 0:16:02]} 26. Qh4 {[%clk 0:10:57]} Qf5 {[%clk 0:15:41]} 27. Qd4
{[%clk 0:07:17]} Re4 {[%clk 0:14:41]} 28. Qb6 {[%clk 0:06:38]} Rg4
{[%clk 0:09:36]} 29. Nd4 {[%clk 0:02:26]} Rxg2+ {[%clk 0:09:55]} 30. Kxg2
{[%clk 0:02:23]} Qh3+ {[%clk 0:10:24]} 31. Kg1 {[%clk 0:02:44]} Bxh2+
{[%clk 0:10:45]} 32. Kh1 {[%clk 0:03:10]} Bg3+ {[%clk 0:10:54]} 33. Kg1
{[%clk 0:03:34]} Qh2+ {[%clk 0:11:23]} 34. Kf1 {[%clk 0:03:57]} Rxf2+
{[%clk 0:11:40]} 35. Bxf2 {[%clk 0:04:23]} Qxf2# 0-1

[Event "Praha"]
[Site "?"]
[Date "2023.01.09"]
[Round "5.18"]
[White "Chubakov, Sultan"]
[Black "Vaculik, Jakub"]
[Result "1-0"]
[BlackElo "2200"]
[WhiteElo "2039"]
[LiveChessVersion "1.4.8"]

1. d4 {[%clk 1:30:53]} Nf6 {[%clk 1:30:59]} 2. c4 {[%clk 1:31:10]} c5
{[%clk 1:31:23]} 3. d5 {[%clk 1:31:33]} b5 {[%clk 1:31:48]} 4. cxb5
{[%clk 1:31:50]} a6 {[%clk 1:32:12]} 5. bxa6 {[%clk 1:32:09]} Bxa6
{[%clk 1:32:16]} 6. Nc3 {[%clk 1:32:17]} d6 {[%clk 1:32:31]} 7. e4
{[%clk 1:32:36]} Bxf1 {[%clk 1:32:54]} 8. Kxf1 {[%clk 1:33:03]} g6
{[%clk 1:33:16]} 9. Nf3 {[%clk 1:33:21]} Bg7 {[%clk 1:33:40]} 10. g3
{[%clk 1:33:40]} O-O {[%clk 1:33:53]} 11. Kg2 {[%clk 1:33:55]} Qb6
{[%clk 1:34:10]} 12. a4 Na6 {[%clk 1:32:46]} 13. Re1 {[%clk 1:24:06]} Nd7
{[%clk 1:29:46]} 14. Nb5 {[%clk 1:15:43]} Nc7 {[%clk 1:23:51]} 15. Nxc7
{[%clk 1:12:35]} Qxc7 {[%clk 1:24:19]} 16. Qc2 {[%clk 1:08:32]} Rfb8
{[%clk 1:22:52]} 17. Ra3 {[%clk 1:01:06]} Qb7 {[%clk 1:05:17]} 18. Nd2
{[%clk 0:50:53]} Ra6 {[%clk 0:53:04]} 19. Rb3 {[%clk 0:41:58]} Rb6
{[%clk 0:40:05]} 20. Rxb6 {[%clk 0:35:28]} Nxb6 {[%clk 0:39:42]} 21. a5
{[%clk 0:32:06]} Nd7 {[%clk 0:30:33]} 22. Re3 {[%clk 0:28:56]} Qa8
{[%clk 0:26:48]} 23. Ra3 {[%clk 0:27:07]} f5 {[%clk 0:24:57]} 24. a6
{[%clk 0:24:35]} fxe4 {[%clk 0:16:36]} 25. a7 {[%clk 0:18:11]} Re8
{[%clk 0:07:44]} 26. Qa4 {[%clk 0:15:26]} Nf6 {[%clk 0:06:21]} 27. Nc4
{[%clk 0:15:07]} e3 {[%clk 0:05:24]} 28. Nb6 {[%clk 0:14:31]} e2 {[%clk 0:05:03]}
29. Bd2 {[%clk 0:14:43]} 1-0

[Event "Praha"]
[Site "?"]
[Date "2023.01.09"]
[Round "5.19"]
[White "Jun, Rudolf"]
[Black "Lacrosse, Marc"]
[Result "1-0"]
[BlackElo "2057"]
[WhiteElo "2177"]
[LiveChessVersion "1.4.8"]

1. e4 {[%clk 1:30:56]} e5 {[%clk 1:29:33]} 2. Nf3 {[%clk 1:30:44]} Nc6
{[%clk 1:29:55]} 3. Bb5 {[%clk 1:30:32]} a6 {[%clk 1:29:30]} 4. Bxc6
{[%clk 1:30:04]} dxc6 {[%clk 1:29:20]} 5. O-O {[%clk 1:30:12]} f6
{[%clk 1:27:56]} 6. d4 {[%clk 1:28:21]} exd4 {[%clk 1:28:04]} 7. Nxd4
{[%clk 1:28:37]} c5 {[%clk 1:27:39]} 8. Ne2 {[%clk 1:25:35]} Qxd1
{[%clk 1:27:25]} 9. Rxd1 {[%clk 1:25:58]} Bd7 {[%clk 1:26:53]} 10. Nbc3
{[%clk 1:25:57]} O-O-O {[%clk 1:25:32]} 11. Be3 {[%clk 1:23:02]} Bd6
{[%clk 1:14:40]} 12. a4 {[%clk 1:19:41]} Ne7 {[%clk 1:00:26]} 13. Bf4
{[%clk 1:16:37]} Be6 {[%clk 0:54:29]} 14. Bxd6 {[%clk 1:09:31]} Rxd6
{[%clk 0:53:28]} 15. Rxd6 {[%clk 1:08:21]} cxd6 {[%clk 0:53:52]} 16. f3
{[%clk 1:04:30]} Kd7 {[%clk 0:42:42]} 17. Rd1 {[%clk 1:02:16]} Rb8
{[%clk 0:31:52]} 18. Kf2 {[%clk 0:54:12]} b5 {[%clk 0:29:45]} 19. axb5
{[%clk 0:53:12]} axb5 {[%clk 0:30:12]} 20. Ra1 {[%clk 0:52:25]} Rb7
{[%clk 0:23:18]} 21. Nf4 {[%clk 0:50:27]} b4 {[%clk 0:19:26]} 22. Nd1
{[%clk 0:49:05]} Bf7 {[%clk 0:18:12]} 23. Ne3 {[%clk 0:45:21]} Nc6
{[%clk 0:13:18]} 24. Nf5 {[%clk 0:38:00]} g6 {[%clk 0:13:02]} 25. Nh6
{[%clk 0:37:00]} Be6 {[%clk 0:12:31]} 26. Ra8 {[%clk 0:35:16]} Rb8
{[%clk 0:12:01]} 27. Ra6 {[%clk 0:33:46]} Bc4 {[%clk 0:11:43]} 28. Ra1
{[%clk 0:32:44]} Rb7 {[%clk 0:07:53]} 29. Ng4 {[%clk 0:32:22]} Ke7
{[%clk 0:07:25]} 30. b3 {[%clk 0:28:32]} Bf7 {[%clk 0:06:26]} 31. Ra6
{[%clk 0:26:26]} Nd4 {[%clk 0:06:07]} 32. Ne3 {[%clk 0:26:47]} Rd7
{[%clk 0:05:53]} 33. Ke1 {[%clk 0:24:44]} f5 {[%clk 0:01:57]} 34. Kd2
{[%clk 0:22:27]} fxe4 {[%clk 0:02:03]} 35. fxe4 {[%clk 0:22:35]} g5
{[%clk 0:01:10]} 36. Nd3 {[%clk 0:23:04]} Be6 {[%clk 0:01:13]} 37. Ke1
{[%clk 0:20:46]} Rc7 {[%clk 0:00:46]} 38. Ra8 {[%clk 0:18:12]} Kf6
{[%clk 0:00:41]} 39. Rh8 {[%clk 0:13:05]} Kg7 {[%clk 0:00:33]} 40. Rd8
{[%clk 0:12:59]} Rd7 {[%clk 0:00:32]} 41. Rxd7+ {[%clk 0:11:11]} Bxd7
{[%clk 0:01:00]} 42. e5 {[%clk 0:11:07]} dxe5 {[%clk 0:27:10]} 43. Nxc5
{[%clk 0:40:14]} Bb5 {[%clk 0:25:31]} 44. Kd2 {[%clk 0:40:24]} h5
{[%clk 0:21:49]} 45. Nd3 {[%clk 0:38:02]} Nc6 {[%clk 0:11:58]} 46. Nd5
{[%clk 0:35:28]} Bxd3 {[%clk 0:11:29]} 47. Kxd3 {[%clk 0:35:51]} Kf7
{[%clk 0:11:33]} 48. Kc4 {[%clk 0:35:23]} Ke6 {[%clk 0:08:16]} 49. Nxb4
{[%clk 0:33:21]} Nd4 {[%clk 0:08:02]} 50. Kd3 {[%clk 0:32:57]} Nf5
{[%clk 0:07:09]} 51. Ke4 {[%clk 0:31:38]} Nd6+ {[%clk 0:07:24]} 52. Kf3
{[%clk 0:30:52]} e4+ {[%clk 0:05:57]} 53. Ke3 {[%clk 0:30:52]} Ke5
{[%clk 0:05:01]} 54. Nc6+ {[%clk 0:29:52]} 1-0

[Event "Praha"]
[Site "?"]
[Date "2023.01.09"]
[Round "5.20"]
[White "Lauda, Alexandr"]
[Black "Garsky, Vladyslav"]
[Result "0-1"]
[BlackElo "2169"]
[WhiteElo "2032"]
[LiveChessVersion "1.4.8"]

1. Nf3 {[%clk 1:30:52]} Nf6 {[%clk 1:30:37]} 2. c4 {[%clk 1:30:33]} e6
{[%clk 1:30:48]} 3. g3 {[%clk 1:30:22]} d5 {[%clk 1:30:14]} 4. d4
{[%clk 1:30:41]} Be7 {[%clk 1:29:27]} 5. Bg2 {[%clk 1:30:25]} O-O
{[%clk 1:28:38]} 6. O-O {[%clk 1:30:48]} b6 {[%clk 1:27:16]} 7. Nc3
{[%clk 1:23:16]} Bb7 {[%clk 1:26:34]} 8. Ne5 {[%clk 1:23:08]} Nbd7
{[%clk 1:20:27]} 9. cxd5 {[%clk 1:20:33]} Nxd5 {[%clk 1:18:23]} 10. Nxd5
{[%clk 1:18:19]} exd5 {[%clk 1:17:31]} 11. Nxd7 {[%clk 1:11:24]} Qxd7
{[%clk 1:17:52]} 12. Bf4 {[%clk 1:11:38]} Bf6 {[%clk 1:16:28]} 13. Qd2
{[%clk 1:07:16]} c5 {[%clk 1:10:31]} 14. dxc5 {[%clk 1:03:04]} bxc5
{[%clk 1:10:45]} 15. Rac1 {[%clk 1:02:53]} Rac8 {[%clk 1:10:36]} 16. b3
{[%clk 1:01:31]} Qe6 {[%clk 1:02:43]} 17. Rfd1 {[%clk 0:54:44]} Rfd8
{[%clk 1:01:23]} 18. h4 {[%clk 0:54:33]} h6 {[%clk 0:59:39]} 19. Be3
{[%clk 0:43:12]} Qb6 {[%clk 0:50:42]} 20. Qc2 {[%clk 0:42:05]} d4
{[%clk 0:50:13]} 21. Bxb7 {[%clk 0:42:00]} Qxb7 {[%clk 0:50:39]} 22. Bf4
{[%clk 0:41:44]} Qd5 {[%clk 0:47:19]} 23. Qc4 {[%clk 0:35:49]} Qf5
{[%clk 0:47:02]} 24. Qd3 {[%clk 0:34:43]} Qe6 {[%clk 0:47:15]} 25. Rc4
{[%clk 0:34:31]} g5 {[%clk 0:43:23]} 26. hxg5 {[%clk 0:33:30]} hxg5
{[%clk 0:43:48]} 27. Bd2 {[%clk 0:32:47]} Kg7 {[%clk 0:44:06]} 28. Rdc1
{[%clk 0:32:31]} Rd5 {[%clk 0:29:54]} 29. e4 {[%clk 0:25:02]} Re5
{[%clk 0:27:00]} 30. b4 {[%clk 0:23:17]} Rxe4 {[%clk 0:23:11]} 31. Rxc5
{[%clk 0:22:19]} Rh8 {[%clk 0:22:23]} 32. Qf3 {[%clk 0:18:52]} g4
{[%clk 0:16:20]} 33. Qf5 {[%clk 0:15:01]} Re2 {[%clk 0:14:57]} 34. Qxe6
{[%clk 0:14:41]} fxe6 {[%clk 0:14:57]} 35. Rd1 {[%clk 0:13:01]} Kg6
{[%clk 0:14:20]} 36. a4 {[%clk 0:12:11]} e5 {[%clk 0:13:04]} 37. Kf1
{[%clk 0:11:35]} d3 {[%clk 0:12:15]} 38. Kg2 {[%clk 0:11:58]} Bg5
{[%clk 0:11:14]} 39. Bxg5 {[%clk 0:11:55]} Kxg5 {[%clk 0:11:39]} 40. Rxd3
{[%clk 0:10:42]} Rf8 {[%clk 0:12:05]} 41. Rc1 {[%clk 0:09:34]} Rfxf2+
{[%clk 0:10:58]} 42. Kg1 {[%clk 0:09:43]} Rf3 {[%clk 0:11:14]} 43. Rxf3
{[%clk 0:06:24]} gxf3 {[%clk 0:11:38]} 44. Rc7 {[%clk 0:06:50]} e4
{[%clk 0:07:36]} 45. Rxa7 {[%clk 0:05:42]} e3 {[%clk 0:07:30]} 46. Rf7
{[%clk 0:05:50]} Re1+ {[%clk 0:07:50]} 47. Kh2 {[%clk 0:06:15]} f2
{[%clk 0:08:07]} 0-1

[Event "Praha"]
[Site "?"]
[Date "2023.01.10"]
[Round "6.1"]
[White "Chen, Qi b"]
[Black "Elmi, Saad Abobaker"]
[Result "1-0"]
[BlackElo "2326"]
[WhiteElo "2484"]
[LiveChessVersion "1.4.8"]

1. e4 {[%clk 1:30:56]} e5 {[%clk 1:28:38]} 2. Nf3 {[%clk 1:31:18]} Nc6
{[%clk 1:27:40]} 3. Bb5 {[%clk 1:31:41]} a6 {[%clk 1:27:58]} 4. Ba4
{[%clk 1:32:07]} Nge7 {[%clk 1:28:13]} 5. c3 {[%clk 1:24:20]} g6 {[%clk 1:28:14]}
6. d4 {[%clk 1:23:51]} exd4 {[%clk 1:28:29]} 7. cxd4 {[%clk 1:24:12]} b5
{[%clk 1:28:42]} 8. Bb3 {[%clk 1:24:12]} Bg7 {[%clk 1:29:00]} 9. d5
{[%clk 1:21:06]} Na5 {[%clk 1:29:16]} 10. Bd2 {[%clk 1:20:42]} Nxb3
{[%clk 1:29:20]} 11. Qxb3 {[%clk 1:20:45]} O-O {[%clk 1:27:58]} 12. Bc3
{[%clk 1:13:23]} d6 {[%clk 1:27:03]} 13. O-O {[%clk 1:11:56]} Bb7
{[%clk 1:17:56]} 14. Bxg7 {[%clk 1:08:54]} Kxg7 {[%clk 1:18:16]} 15. Nc3
{[%clk 1:09:12]} c5 {[%clk 1:16:18]} 16. dxc6 {[%clk 1:06:53]} Nxc6
{[%clk 1:15:07]} 17. Rad1 {[%clk 1:05:15]} Re8 {[%clk 1:14:25]} 18. Rfe1
{[%clk 1:04:56]} Ne5 {[%clk 1:02:09]} 19. Nd4 {[%clk 0:50:07]} Qh4
{[%clk 0:47:17]} 20. f3 {[%clk 0:42:29]} Rac8 {[%clk 0:39:59]} 21. Nde2
{[%clk 0:32:38]} Rc4 {[%clk 0:35:00]} 22. Ng3 {[%clk 0:30:38]} Qf6
{[%clk 0:34:32]} 23. Nf1 {[%clk 0:25:24]} Nd7 {[%clk 0:23:12]} 24. Ne3
{[%clk 0:24:52]} Rcc8 {[%clk 0:20:37]} 25. Rd2 {[%clk 0:23:45]} Ne5
{[%clk 0:18:25]} 26. Qd1 {[%clk 0:21:02]} Qg5 {[%clk 0:15:29]} 27. Rxd6
{[%clk 0:17:55]} Red8 {[%clk 0:11:49]} 28. Rxd8 {[%clk 0:17:48]} Rxd8
{[%clk 0:12:15]} 29. Ncd5 {[%clk 0:18:01]} Qh4 {[%clk 0:10:54]} 30. Qd2
{[%clk 0:15:30]} Rc8 {[%clk 0:08:45]} 31. Rd1 {[%clk 0:13:43]} Kg8
{[%clk 0:07:09]} 32. Qd4 {[%clk 0:08:59]} Qg5 {[%clk 0:06:44]} 33. f4
{[%clk 0:05:23]} Nf3+ {[%clk 0:05:24]} 34. Kf2 {[%clk 0:05:49]} Nxd4
{[%clk 0:05:08]} 35. fxg5 {[%clk 0:06:16]} Nc6 {[%clk 0:05:24]} 36. Nf6+
{[%clk 0:03:48]} Kg7 {[%clk 0:05:24]} 37. Rd7 {[%clk 0:04:14]} Ba8
{[%clk 0:05:25]} 38. Neg4 {[%clk 0:04:27]} Nd8 {[%clk 0:03:04]} 39. Ne8+
{[%clk 0:02:31]} Kf8 {[%clk 0:02:52]} 40. Nd6 {[%clk 0:02:51]} Bc6
{[%clk 0:01:01]} 41. Ra7 {[%clk 0:02:41]} Ra8 {[%clk 0:01:06]} 42. Rc7
{[%clk 0:02:52]} 1-0